[Event "33rd ECCC Open 2017"]
[Site "Antalya"]
[Date "2017.10.12"]
[Round "5"]
[White "Jakobsen, Peter"]
[Black "Draskovic, Davor"]
[Result "1/2-1/2"]
[WhiteElo "2182"]
[BlackElo "2004"]
[Annotator "NA"]
[PlyCount "61"]
[EventType "team-tourn"]
[EventCountry "TUR"]
[SourceTitle "playchess.com"]
[Source "ChessBase"]
[SourceQuality "1"]
[WhiteTeam "Nordkalotten"]
[BlackTeam "Elektroprivreda"]
[TimeControl "40/5400+30:1800+30"]

1. d4 {[%emt 0:00:30]} Nf6 {[%emt 0:01:00]} 2. c4 {[%emt 0:00:30]} e6 {[%emt 0:00:30]} 3. Nc3 {[%emt 0:00:30]} Bb4 {[%emt 0:00:30]} 4. e3 {[%emt 0:00:30]} O-O {[%emt 0:00:30]} 5. Bd3 {[%emt 0:00:30]} c5 {[%emt 0:00:30]} 6. Nf3 {[%emt 0:00:30]} d5 {[%emt 0:00:30]} 7. O-O {[%emt 0:00:00]} cxd4 {[%emt 0:04:30]} 8. exd4 {[%emt 0:00:00]} dxc4 {[%emt 0:00:30]} 9. Bxc4 {[%emt 0:00:00]} b6 {[%emt 0:00:00]} 10. Bg5 {[%emt 0:00:00]} Bb7 {[%emt 0:00:00]} 11. Re1 {[%emt 0:00:30]} Nbd7 {[%emt 0:01:30] E54: Nimzo-Indian: Rubinstein: Main Line: 7...dxc4 8 Bxc4} 12. Qe2 {[%emt 0:02:30]} (12. Rc1 Rc8 13. Bd3 h6 14. Bh4 a6 15. Qe2 b5 16. Ne5 Be7 17. Bg3 b4 18. Na4 Nxe5 19. dxe5 Nd5 20. Bxa6 Bxa6 21. Qxa6 {½-½ (33) Korobov,A (2692)-Anand,V (2779) Doha 2016}) 12... Rc8 $146 {[%emt 0:02:30]} ({Predecessor:} 12... Bxc3 13. bxc3 Qc7 14. Nd2 Nd5 15. Rac1 h6 16. Bh4 Nf4 17. Qg4 Nxg2 18. Bg3 Qc6 19. Rxe6 fxe6 20. Bxe6+ Kh8 21. d5 Qc5 {0-1 (35) Brustkern,J (2246)-Ornstein,A (2322) Vasteras 2016}) 13. Ne5 {[%emt 0:05:30]} Qc7 {[%emt 0:03:30]} 14. Nb5 {[%emt 0:03:30]} Qb8 {[%emt 0:01:30]} 15. Rec1 {[%emt 0:05:30]} a6 {[%emt 0:05:30]} 16. Nc3 {[%emt 0:03:30]} b5 {[%emt 0:04:30]} 17. Bd3 {[%emt 0:00:30]} Bxc3 {[%emt 0:18:30]} 18. bxc3 {[%emt 0:00:30]} Nxe5 {[%emt 0:02:30]} 19. dxe5 {[%emt 0:01:30]} Nd7 {[%emt 0:00:30]} 20. Be7 {[%emt 0:15:30]} Rfe8 {[%emt 0:05:30]} 21. Bd6 {[%emt 0:00:30]} Qa8 {[%emt 0:00:30]} 22. f3 {[%emt 0:04:30]} Nb6 {[%emt 0:00:30]} 23. Qf2 {[%emt 0:02:30]} Nd5 {[%emt 0:03:30]} 24. c4 {[%emt 0:04:30]} bxc4 {[%emt 0:08:30]} 25. Bxc4 {[%emt 0:00:30]} a5 {[%emt 0:03:30]} 26. Bxd5 {[%emt 0:03:30]} Bxd5 {[%emt 0:00:30]} 27. Rab1 {[%emt 0:05:30]} Rxc1+ {[%emt 0:00:30]} 28. Rxc1 {[%emt 0:00:30]} Rc8 {[%emt 0:00:30]} 29. Rxc8+ {[%emt 0:04:30]} Qxc8 {[%emt 0:00:30]} 30. Qd2 {[%emt 0:02:30]} a4 {[%emt 0:03:30]} 31. a3 $11 {[%emt 0:02:30]} 1/2-1/2

[Event "33rd ECCC Open 2017"]
[Site "Antalya"]
[Date "2017.10.12"]
[Round "5"]
[White "Stanic, Zoran"]
[Black "Barrett, Stephen J"]
[Result "0-1"]
[WhiteElo "2169"]
[BlackElo "2101"]
[Annotator "NA"]
[PlyCount "59"]
[EventType "team-tourn"]
[EventCountry "TUR"]
[SourceTitle "playchess.com"]
[Source "ChessBase"]
[SourceQuality "1"]
[WhiteTeam "Bonnevoie"]
[BlackTeam "White Rose"]
[TimeControl "40/5400+30:1800+30"]

1. d4 {[%emt 0:00:30]} Nf6 {[%emt 0:01:00]} 2. Nc3 {[%emt 0:00:30]} c5 {[%emt 0:00:30]} 3. Bg5 {[%emt 0:02:30]} e6 {[%emt 0:01:30]} 4. d5 {[%emt 0:03:30]} d6 {[%emt 0:00:30]} 5. dxe6 {[%emt 0:01:30]} fxe6 {[%emt 0:05:30]} 6. e4 {[%emt 0:00:00]} Nc6 {[%emt 0:01:30]} 7. Nf3 {[%emt 0:00:00]} Be7 {[%emt 0:00:30]} 8. Bc4 {[%emt 0:05:30]} O-O {[%emt 0:01:30]} 9. O-O {[%emt 0:05:30]} a6 $11 {[%emt 0:23:30]} 10. a4 {[%emt 0:00:30]} Ng4 {[%emt 0:00:30]} 11. Bxe7 {[%emt 0:07:30]} Qxe7 {[%emt 0:00:30]} 12. h3 {[%emt 0:03:30]} Rxf3 {[%emt 0:18:30]} 13. hxg4 {[%emt 0:03:30]} Rf8 {[%emt 0:06:30]} 14. f4 {[%emt 0:11:30]} Kh8 {[%emt 0:04:30]} 15. Ra3 {[%emt 0:24:30]} Bd7 {[%emt 0:01:30]} 16. g5 {[%emt 0:02:30]} Nd4 {[%emt 0:02:30]} 17. g3 {[%emt 0:19:24]} Bc6 {[%emt 0:04:30]} 18. Bd3 {[%emt 0:03:27]} b5 {[%emt 0:01:30]} 19. axb5 {[%emt 0:00:35]} axb5 {[%emt 0:00:30]} 20. Rxa8 {[%emt 0:00:18]} Rxa8 {[%emt 0:00:30]} 21. Rf2 {[%emt 0:00:24]} g6 {[%emt 0:01:30]} 22. b3 {[%emt 0:01:08]} Qg7 {[%emt 0:01:30]} 23. Kg2 {[%emt 0:00:27]} Nf5 {[%emt 0:03:39]} 24. Nd5 {[%emt 0:01:00]} Bxd5 {[%emt 0:00:11]} 25. Qe1 {[%emt 0:00:26]} Bc6 {[%emt 0:00:15]} 26. Qd1 {[%emt 0:00:38]} Bd5 {[%emt 0:00:30]} 27. Kh2 {[%emt 0:00:30]} Bb7 {[%emt 0:00:30]} 28. Kg2 {[%emt 0:00:30]} Bc6 {[%emt 0:00:30]} 29. Qe1 {[%emt 0:00:30]} Qd4 {[%emt 0:00:30]} 30. Kh2 {[%emt 0:00:30]} 0-1

[Event "33rd ECCC Open 2017"]
[Site "Antalya"]
[Date "2017.10.12"]
[Round "5"]
[White "Zymberi, Astrit"]
[Black "Millward, Kevin P"]
[Result "1/2-1/2"]
[WhiteElo "2161"]
[BlackElo "2049"]
[Annotator "NA"]
[PlyCount "106"]
[EventType "team-tourn"]
[EventCountry "TUR"]
[SourceTitle "playchess.com"]
[Source "ChessBase"]
[SourceQuality "1"]
[WhiteTeam "Hasan Pristina"]
[BlackTeam "Viking"]
[TimeControl "40/5400+30:1800+30"]

1. d4 g6 2. c4 Bg7 3. e4 d6 4. Nc3 e5 5. Nge2 Ne7 6. Be3 Nd7 7. Qd2 h6 8. O-O-O f5 9. f3 Nb6 10. b3 Be6 11. d5 Bf7 12. Kb1 Nd7 13. b4 $14 ({Besser ist} 13. g3 $16) 13... a5 14. a3 axb4 15. axb4 Nf6 16. h3 Ra6 17. Nc1 Ra3 18. Bd3 Qa8 19. Qb2 c6 20. g4 fxe4 21. fxe4 O-O 22. Nb3 cxd5 23. cxd5 Nfxd5 24. exd5 Nxd5 25. Nxd5 Bxd5 26. Bc2 Bxh1 27. Rxh1 Rf3 28. Bc1 Ra6 29. Be4 Rf8 30. Rd1 Kh8 31. Rd5 Qa7 32. Rb5 Rf2 33. Qc3 Rc6 34. Qa1 Ra6 35. Ra5 d5 36. Rxa6 bxa6 37. Bxd5 e4 38. Qa4 Qe7 39. Be3 Rf1+ 40. Nc1 Qe5 41. Qa2 Qc3 42. Qb3 Qa1+ 43. Kc2 Qe5 44. Ne2 Qa1 45. Bc1 Rf2 46. Bc4 Kh7 47. Bg8+ Kh8 48. Bc4 Kh7 49. Bg8+ Kh8 50. Bc4 Kh7 51. Bg8+ Kh8 52. Bc4 Rf1 53. Qb2 Re1 1/2-1/2

[Event "33rd ECCC Open 2017"]
[Site "Antalya"]
[Date "2017.10.12"]
[Round "5"]
[White "Oksuz, Akin"]
[Black "Sulava, Nenad"]
[Result "1/2-1/2"]
[WhiteElo "2150"]
[BlackElo "2442"]
[Annotator "TA"]
[PlyCount "112"]
[EventType "team-tourn"]
[EventCountry "TUR"]
[SourceTitle "playchess.com"]
[Source "ChessBase"]
[SourceQuality "1"]
[WhiteTeam "Genc"]
[BlackTeam "Nice Alekhine"]

{[%evp 19,112,48,57,32,40,33,50,38,46,11,24,23,32,5,5,10,16,14,37,20,37,33,33,29,42,23,35,35,32,31,41,-17,-17,-17,-17,-15,-16,-14,-18,-12,0,-102,-70,-167,-163,-187,-179,-172,-160,-286,-114,-101,-94,-178,-185,-185,-91,-140,-142,-131,0,0,0,-135,-145,-282,-277,-288,-210,-188,0,-8,0,0,0,0,0,0,0,0,0,0,0,0,0,0,0,0,8,8,8,8,8,8,0]} 1. d4 e6 2. c4 b6 3. Nf3 Bb7 4. g3 Nf6 5. Bg2 Bb4+ 6. Bd2 Bxd2+ 7. Qxd2 O-O 8. O-O c5 {E16: Queen's Indian: 4 g3 Bb7 5 Bg2 Bb4+} (8... Ne4 9. Qc2 f5 10. Nfd2 d5 11. cxd5 exd5 12. Nc3 Nd7 13. Ndxe4 dxe4 14. Nb5 Nf6 15. Qxc7 Ba6 16. Qc4+ {1-0 (45) Ding,L (2753)-Nguyen,N (2633) Baku 2016}) 9. Nc3 cxd4 10. Qxd4 Nc6 {LiveBook: 9 Games. White is slightly better.} 11. Qf4 Qb8 12. Qxb8 Raxb8 $146 13. Rfd1 Rfd8 14. Rd2 Kf8 15. Rad1 Ke7 16. Nd4 (16. b3 {keeps more tension.} a6 17. e4 d6 18. Nd4 Nxd4 19. Rxd4 e5 20. R4d2) 16... Nxd4 17. Rxd4 Bxg2 18. Kxg2 a6 19. f4 d6 20. Kf3 Rbc8 21. e4 Ne8 22. e5 f5 23. exf6+ Nxf6 24. g4 h6 25. g5 ({White should try} 25. h4 $14) 25... hxg5 $11 26. fxg5 Nd7 27. Kg3 Ne5 28. b3 $1 {[#]} b5 $1 {[%cal Rb5c4][%mdl 512]} 29. Ne4 {[%cal Re4d6]} (29. cxb5 Rxc3+) 29... Nf7 30. cxb5 (30. Re1 $11) 30... axb5 $17 31. g6 (31. b4 $15) 31... Nh6 $1 $19 {[%cal Rh6f5]} 32. Rb4 Nf5+ 33. Kf4 Rf8 34. Ng5 (34. Ng3 $17) 34... Rh8 $2 (34... Rc2 $19 {and Black stays clearly on top. White must now prevent ...Rf2+.} 35. Nh7 Rf2+ 36. Ke4 Ra8) 35. Nh7 $17 Rc5 36. Kf3 (36. a4 $17) 36... e5 $19 37. a4 Rhc8 (37... Nd4+ $19 {is more deadly.} 38. Kg4 Rc2) 38. Ke4 Nd4 39. axb5 Nxb5 ({Better is} 39... Ke6 $1 $17 40. Ng5+ Kf6 41. Rdxd4 exd4) 40. Rf1 $1 $11 {[%cal Rf1f7]} Nc3+ 41. Kd3 (41. Kf5 $11 {keeps the balance.}) 41... e4+ $17 42. Kd2 (42. Rxe4+ $17 {was the only chance.} Nxe4 43. Rf7+ Ke8 44. Kxe4 Re5+ 45. Kd4) 42... Rd5+ $1 $19 43. Kc2 {[#]} Nb5+ $1 44. Kb1 {[#]} Nc3+ $2 (44... e3 $1 $19 45. Rf7+ Kd8 46. Rf8+ Kd7 47. Rf7+ Kc6) 45. Kc2 $132 {[%mdl 2048] The position is equal. White is not keeping still} Rh5 46. Rf7+ Ke6 47. Rc4 Rxc4 48. bxc4 {[%mdl 4096] Endgame KRN-KRN} Na4 49. h3 Rf5 50. Rxg7 {Hoping for Rf7!} Rf2+ 51. Kc1 {aiming for Ng5+.} e3 {[#]} 52. Rf7 $1 {[%mdl 512] And now Ng5+ would win.} Rg2 (52... Rxf7 53. Ng5+) 53. Rf3 Rg1+ 54. Kc2 e2 55. Re3+ Kf5 56. Rxe2 {Nf8 is the strong threat.} Rxg6 {Precision: White = 50%, Black = 53%.} 1/2-1/2

[Event "33rd ECCC Open 2017"]
[Site "Antalya"]
[Date "2017.10.12"]
[Round "5"]
[White "Ererdem, Gani Eren"]
[Black "Atakisi, Umut"]
[Result "1/2-1/2"]
[WhiteElo "2136"]
[BlackElo "2361"]
[Annotator "NA"]
[PlyCount "80"]
[EventType "team-tourn"]
[EventCountry "TUR"]
[SourceTitle "playchess.com"]
[Source "ChessBase"]
[SourceQuality "1"]
[WhiteTeam "Karaman"]
[BlackTeam "Besiktas"]
[TimeControl "40/5400+30:1800+30"]

1. d4 d5 {[%emt 0:05:00]} 2. c4 {[%emt 0:01:00]} e6 {[%emt 0:00:30]} 3. Nf3 {[%emt 0:00:30]} Nf6 {[%emt 0:00:00]} 4. g3 {[%emt 0:00:00]} dxc4 {[%emt 0:00:00]} 5. Bg2 {[%emt 0:01:00]} a6 {[%emt 0:00:30]} 6. O-O {[%emt 0:05:30]} Nc6 {[%emt 0:00:30]} 7. e3 {[%emt 0:10:30]} Rb8 {[%emt 0:00:30]} 8. Nfd2 {[%emt 0:05:30]} e5 {[%emt 0:00:30]} 9. Nxc4 {[%emt 0:08:30]} (9. Bxc6+ $1 $14 bxc6 10. dxe5) 9... exd4 {[%emt 0:00:30]} 10. exd4 {[%emt 0:00:30]} Nxd4 {[%emt 0:23:30]} 11. Be3 $17 {[%emt 0:13:30]} (11. Re1+ $11 {bleibt in der Remisbreite.} Be6 12. Nc3) 11... Nc6 {[%emt 0:19:30]} 12. Bxc6+ {[%emt 0:19:30]} bxc6 {[%emt 0:00:30]} 13. Qxd8+ {[%emt 0:01:30]} Kxd8 {[%emt 0:00:30]} 14. Ne5 {[%emt 0:00:00]} Ke8 {[%emt 0:00:30]} 15. Nxc6 {[%emt 0:01:00]} Rxb2 {[%emt 0:02:30]} 16. Nc3 {[%emt 0:12:18]} Be6 {[%emt 0:16:30]} 17. Rfd1 {[%emt 0:10:44]} Bd6 {[%emt 0:01:30]} 18. Na4 {[%emt 0:00:43]} Rxa2 {[%emt 0:09:40]} 19. Rab1 {[%emt 0:00:51]} Bc8 {[%emt 0:09:51]} 20. Nc5 {[%emt 0:02:03]} Nd7 {[%emt 0:01:48]} 21. Ne4 {[%emt 0:00:37]} Rc2 {[%emt 0:01:02]} 22. Nxd6+ {[%emt 0:00:30]} cxd6 {[%emt 0:00:30]} 23. Rxd6 {[%emt 0:01:12]} f6 {[%emt 0:00:52]} 24. Na7 {[%emt 0:01:55]} Ke7 {[%emt 0:01:43]} 25. Nxc8+ {[%emt 0:00:38]} Rhxc8 {[%emt 0:00:30]} 26. Rxa6 {[%emt 0:00:00]} R2c6 {[%emt 0:00:15]} 27. Rxc6 {[%emt 0:00:12]} Rxc6 {[%emt 0:00:30]} 28. Rb7 {[%emt 0:00:30]} g5 {[%emt 0:00:30]} 29. h3 {[%emt 0:00:30]} h5 {[%emt 0:00:30]} 30. Rb4 {[%emt 0:00:30]} Ke6 {[%emt 0:00:30]} 31. Kg2 {[%emt 0:00:30]} Ne5 {[%emt 0:00:00]} 32. Rb6 {[%emt 0:00:25]} Rxb6 {[%emt 0:00:14]} 33. Bxb6 {[%emt 0:00:30]} g4 {[%emt 0:00:06]} 34. hxg4 {[%emt 0:00:16]} hxg4 {[%emt 0:00:06]} 35. Kf1 {[%emt 0:01:45]} Kd5 {[%emt 0:00:05]} 36. Ke2 {[%emt 0:00:17]} Ke4 {[%emt 0:00:14]} 37. Be3 {[%emt 0:00:00]} Nc6 {[%emt 0:00:18]} 38. Bb6 {[%emt 0:00:58]} Nb4 {[%emt 0:01:44]} 39. Ba5 {[%emt 0:01:23]} Nd5 {[%emt 0:01:14]} 40. Bd2 {[%emt 0:00:00]} Ke5 {[%emt 0:30:33]} 1/2-1/2

[Event "33rd ECCC Open 2017"]
[Site "Antalya"]
[Date "2017.10.12"]
[Round "5"]
[White "Ajvazi, Ramadan"]
[Black "Thee, Bernd"]
[Result "1-0"]
[WhiteElo "2109"]
[BlackElo "1907"]
[Annotator "NA"]
[PlyCount "33"]
[EventType "team-tourn"]
[EventCountry "TUR"]
[SourceTitle "playchess.com"]
[Source "ChessBase"]
[SourceQuality "1"]
[WhiteTeam "Dardania"]
[BlackTeam "Adare"]
[TimeControl "40/5400+30:1800+30"]

1. e4 {[%emt 0:00:30]} c5 {[%emt 0:01:00]} 2. Nf3 {[%emt 0:00:30]} Nc6 {[%emt 0:00:30]} 3. d4 {[%emt 0:00:30]} cxd4 {[%emt 0:00:30]} 4. Nxd4 {[%emt 0:00:30]} Nf6 {[%emt 0:00:30]} 5. Nc3 {[%emt 0:00:30]} e5 {[%emt 0:00:30]} 6. Ndb5 {[%emt 0:00:30]} d6 {[%emt 0:00:30]} 7. Bg5 {[%emt 0:00:30]} a6 {[%emt 0:00:30]} 8. Na3 {[%emt 0:00:30]} b5 {[%emt 0:00:30]} 9. Bxf6 {[%emt 0:00:30]} gxf6 {[%emt 0:00:30]} 10. Nd5 {[%emt 0:00:30]} Bg7 {[%emt 0:00:00]} 11. c3 {[%emt 0:00:00]} f5 {[%emt 0:00:00]} 12. Bd3 {[%emt 0:02:00]} Be6 {[%emt 0:00:30]} 13. Qh5 {[%emt 0:07:30]} Bxd5 {[%emt 0:16:30]} 14. exd5 {[%emt 0:02:30]} Ne7 {[%emt 0:00:00]} 15. Bxf5 {[%emt 0:03:30]} Rb8 $16 {[%emt 0:09:00]} (15... Nxf5 $142 16. Qxf5 Qd7) 16. Nc2 {[%emt 0:10:30]} Nxd5 {[%emt 0:13:30]} 17. Be6 {[%emt 0:01:30]} 1-0

[Event "33rd ECCC Open 2017"]
[Site "Antalya"]
[Date "2017.10.12"]
[Round "5"]
[White "Georgakopoulos, Nikolaos K"]
[Black "Jackson, Carl"]
[Result "1-0"]
[WhiteElo "2086"]
[BlackElo "2149"]
[Annotator "NA"]
[PlyCount "55"]
[EventType "team-tourn"]
[EventCountry "TUR"]
[SourceTitle "playchess.com"]
[Source "ChessBase"]
[SourceQuality "1"]
[WhiteTeam "Chania"]
[BlackTeam "Gonzaga"]
[TimeControl "40/5400+30:1800+30"]

1. e4 {[%emt 0:00:30]} d5 {[%emt 0:01:00]} 2. exd5 {[%emt 0:00:30]} Nf6 {[%emt 0:00:30]} 3. d4 {[%emt 0:09:30]} Bg4 {[%emt 0:03:30]} 4. Nf3 {[%emt 0:01:30]} Qxd5 {[%emt 0:00:00]} 5. Be2 {[%emt 0:03:30]} Nc6 {[%emt 0:01:00]} 6. Be3 {[%emt 0:07:30]} O-O-O {[%emt 0:00:30]} 7. Nbd2 {[%emt 0:02:30] B01: Scandinavian Defence} Qf5 {[%emt 0:03:30] LiveBook: 9 Games} 8. c4 {[%emt 0:10:30]} (8. O-O $14) 8... e5 {[%emt 0:12:30]} 9. d5 {[%emt 0:05:30]} Nb4 {[%emt 0:03:30]} 10. O-O {[%emt 0:02:30]} Nc2 {[%emt 0:02:30]} 11. Rc1 {[%emt 0:06:30]} (11. Nh4 Nxe3 12. fxe3 Qg5 13. Bxg4+ Nxg4 14. Nf5 Nxe3 15. Nxe3 {1-0 (26) Istratescu,A (2627)-Horvath,J (2508) Aschach 2014}) 11... Nxe3 {[%emt 0:01:30]} 12. fxe3 {[%emt 0:00:00]} Bc5 {[%emt 0:05:30]} 13. Rc3 {[%emt 0:03:00]} e4 $146 {[%emt 0:11:30]} 14. Nd4 {[%emt 0:04:30]} Bxe2 {[%emt 0:02:30]} 15. Qxe2 {[%emt 0:03:30]} Qg6 {[%emt 0:02:30]} 16. N2b3 {[%emt 0:08:30]} Bb4 {[%emt 0:01:30]} 17. Rc2 {[%emt 0:00:30]} Qg4 {[%emt 0:04:30]} 18. Nf5 {[%emt 0:10:45]} Bf8 $18 {[%emt 0:06:30]} (18... Qxe2 $14 19. Rxe2 Bf8) 19. Qe1 {[%emt 0:01:45]} Rd7 {[%emt 0:15:45]} 20. Qa5 {[%emt 0:01:32]} Kb8 {[%emt 0:02:54]} 21. Nbd4 {[%emt 0:00:40]} g6 {[%emt 0:06:44]} 22. Ng3 {[%emt 0:00:26]} Qg5 {[%emt 0:02:07]} 23. Rc3 {[%emt 0:00:18]} c5 {[%emt 0:05:00]} 24. Nc6+ {[%emt 0:04:22]} bxc6 {[%emt 0:00:20]} 25. dxc6 {[%emt 0:02:16]} Rc7 {[%emt 0:00:36]} 26. Qa6 {[%emt 0:01:22]} Bd6 {[%emt 0:01:26]} 27. Rb3+ {[%emt 0:00:07]} Ka8 {[%emt 0:00:16]} 28. Rb7 {[%emt 0:00:02]} 1-0

[Event "33rd ECCC Open 2017"]
[Site "Antalya"]
[Date "2017.10.12"]
[Round "5"]
[White "Asllani, Ibrahim"]
[Black "Palsson, Halldor"]
[Result "1/2-1/2"]
[WhiteElo "2072"]
[BlackElo "2019"]
[Annotator "NA"]
[PlyCount "80"]
[EventType "team-tourn"]
[EventCountry "TUR"]
[SourceTitle "playchess.com"]
[Source "ChessBase"]
[SourceQuality "1"]
[WhiteTeam "Hasan Pristina"]
[BlackTeam "Viking"]
[TimeControl "40/5400+30:1800+30"]

1. d4 {[%emt 0:00:30]} Nf6 {[%emt 0:01:00]} 2. c4 {[%emt 0:00:30]} e6 {[%emt 0:00:30]} 3. Nf3 {[%emt 0:00:30]} b6 {[%emt 0:00:30]} 4. g3 {[%emt 0:00:30]} Bb7 {[%emt 0:00:30]} 5. Bg2 {[%emt 0:00:30]} Be7 {[%emt 0:00:30]} 6. Nc3 {[%emt 0:00:30]} O-O {[%emt 0:00:30]} 7. O-O {[%emt 0:00:30]} Ne4 {[%emt 0:00:00]} 8. Qc2 {[%emt 0:07:30]} f5 {[%emt 0:00:00]} 9. Rd1 {[%emt 0:03:30] E19: Queen's Indian: Old Main Line with 7...Ne4 8 Qc2 Nxc3 8 Qxc3} (9. Bf4 Nxc3 10. Qxc3 Bf6 11. Rfd1 d6 12. Rac1 Qe7 13. h4 Nd7 14. Qe3 a5 15. Ne5 Bxg2 16. Kxg2 dxe5 17. dxe5 Nxe5 18. Bxe5 Bxe5 19. Qxe5 {½-½ (46) Savchenko,B (2639)-Khanin,S (2436) Voronezh 2017}) 9... d6 {[%emt 0:00:00]} 10. b3 {[%emt 0:04:30]} Nxc3 {[%emt 0:05:00]} 11. Qxc3 {[%emt 0:00:30]} Bf6 {[%emt 0:00:30]} 12. Bb2 {[%emt 0:00:30]} Nd7 {[%emt 0:03:30]} 13. Ng5 {[%emt 0:05:30]} Bxg5 {[%emt 0:04:30]} 14. Bxb7 {[%emt 0:00:30]} Rb8 {[%emt 0:00:30]} 15. Bc6 {[%emt 0:00:30]} Qe7 {[%emt 0:02:30]} 16. f4 {[%emt 0:01:30]} Bf6 {[%emt 0:00:30]} 17. Rd3 $146 {[%emt 0:00:30]} ({Predecessor:} 17. e4 fxe4 18. Bxe4 g6 19. Re1 c5 {1-0 (66) Bemporad,F (2100)-Mastrorilli,N (2012) Corsico 2009}) 17... Kh8 {[%emt 0:01:30]} 18. Re3 {[%emt 0:01:30]} Qf7 {[%emt 0:03:30]} 19. Rd1 {[%emt 0:00:30]} Rbd8 {[%emt 0:00:30]} 20. Qc2 {[%emt 0:04:30]} Nb8 {[%emt 0:03:30]} 21. Bg2 {[%emt 0:02:30]} d5 {[%emt 0:06:30]} 22. Ba3 {[%emt 0:09:30]} Rfe8 {[%emt 0:03:30]} 23. Red3 {[%emt 0:12:30]} c6 {[%emt 0:06:30]} 24. e3 {[%emt 0:01:30]} Qd7 {[%emt 0:07:30]} 25. Bf3 {[%emt 0:03:30]} Rg8 {[%emt 0:03:30]} 26. h4 {[%emt 0:02:30]} g6 {[%emt 0:01:30]} 27. Qh2 {[%emt 0:01:30]} h5 {[%emt 0:03:30]} 28. Qe2 {[%emt 0:01:30]} Rc8 {[%emt 0:01:30]} 29. Rc1 {[%emt 0:02:30]} Rc7 $14 {[%emt 0:04:30]} 30. c5 {[%emt 0:01:30]} b5 {[%emt 0:01:30]} 31. Bb4 {[%emt 0:00:30]} Rb7 {[%emt 0:10:30]} 32. Qc2 {[%emt 0:05:30]} Bd8 {[%emt 0:01:30]} 33. Ra1 {[%emt 0:01:30]} a5 {[%emt 0:00:30]} 34. Bc3 {[%emt 0:00:30]} Ra7 {[%emt 0:00:30]} 35. a4 {[%emt 0:00:30]} b4 {[%emt 0:00:00]} 36. Bb2 {[%emt 0:00:30]} Qe8 {[%emt 0:05:00]} 37. Re1 {[%emt 0:00:30]} Nd7 {[%emt 0:00:30]} 38. Rd2 {[%emt 0:00:30]} Nf6 {[%emt 0:00:30]} 39. Rde2 {[%emt 0:00:30]} Qf7 {[%emt 0:00:30]} 40. Rd2 {[%emt 0:00:00]} Qd7 {[%emt 0:30:30]} 1/2-1/2

[Event "33rd ECCC Open 2017"]
[Site "Antalya"]
[Date "2017.10.12"]
[Round "5"]
[White "Danielsen, Magnus"]
[Black "Osttveit, Martin"]
[Result "1-0"]
[WhiteElo "2060"]
[BlackElo "2073"]
[Annotator "NA"]
[PlyCount "79"]
[EventType "team-tourn"]
[EventCountry "TUR"]
[SourceTitle "playchess.com"]
[Source "ChessBase"]
[SourceQuality "1"]
[WhiteTeam "Valerenga"]
[BlackTeam "Oslo"]
[TimeControl "40/5400+30:1800+30"]

1. e4 {[%emt 0:00:30]} e5 {[%emt 0:01:00]} 2. Nf3 {[%emt 0:00:30]} d6 {[%emt 0:00:30]} 3. d4 {[%emt 0:00:30]} Nd7 {[%emt 0:00:30]} 4. Bc4 {[%emt 0:01:30]} c6 {[%emt 0:00:30]} 5. O-O {[%emt 0:00:30]} Be7 {[%emt 0:00:30]} 6. dxe5 {[%emt 0:01:30]} dxe5 {[%emt 0:01:30]} 7. Ng5 {[%emt 0:00:30]} Bxg5 {[%emt 0:21:30]} 8. Qh5 {[%emt 0:00:30]} Qf6 {[%emt 0:04:30]} 9. Qxg5 {[%emt 0:01:30]} Qxg5 {[%emt 0:00:30]} 10. Bxg5 {[%emt 0:00:00] C41: Philidor Defence} Ngf6 {[%emt 0:00:30]} (10... Nc5 11. f3 Be6 12. Nd2 b5 13. Be3 bxc4 14. Bxc5 Nf6 15. b3 Nd7 16. Bd6 O-O-O 17. Nxc4 Bxc4 18. bxc4 {1-0 (28) Ni,H (2704)-Zhang,P (2640) Beijing 2008}) 11. f3 {[%emt 0:00:00]} Nc5 {[%emt 0:02:30]} 12. Be3 {[%emt 0:14:30]} Be6 {[%emt 0:03:30]} 13. Nd2 {[%emt 0:01:30]} Nfd7 {[%emt 0:14:30]} 14. b4 $146 {[%emt 0:04:30]} ({Predecessor:} 14. Be2 Ke7 15. Nc4 Na4 16. Na5 Rab8 17. b3 Nab6 {1-0 (57) Munoz Santana,J (2342)-Arribas Robaina,M (2303) Balaguer 2005}) 14... Na6 {[%emt 0:05:30]} 15. Bxa6 {[%emt 0:12:30]} bxa6 {[%emt 0:00:00]} 16. Nb3 {[%emt 0:00:30]} Kd8 {[%emt 0:05:00]} 17. Rfd1 {[%emt 0:02:30]} Kc7 {[%emt 0:01:30]} 18. Rd2 {[%emt 0:10:30]} Nb6 {[%emt 0:07:30]} 19. Nc5 {[%emt 0:00:30]} Bc4 {[%emt 0:02:30]} 20. a4 {[%emt 0:05:30]} Rhd8 {[%emt 0:06:38]} 21. a5 {[%emt 0:01:30]} Rxd2 {[%emt 0:02:50]} 22. Bxd2 {[%emt 0:05:30]} Nd7 $14 {[%emt 0:06:22]} 23. Nxd7 {[%emt 0:19:02]} Kxd7 {[%emt 0:00:30]} 24. Be3 {[%emt 0:00:00]} Kc7 {[%emt 0:03:02]} 25. Rd1 {[%emt 0:00:42]} f6 {[%emt 0:01:14]} 26. Bc5 {[%emt 0:00:26]} Ba2 {[%emt 0:02:35]} 27. Kf2 {[%emt 0:01:00]} Bg8 {[%emt 0:00:48]} 28. Ke3 {[%emt 0:00:38]} Bc4 {[%emt 0:00:29]} 29. h4 {[%emt 0:01:19]} h6 {[%emt 0:03:04]} 30. g4 {[%emt 0:03:33]} Bg8 {[%emt 0:00:50]} 31. Bd6+ {[%emt 0:00:35]} Kb7 {[%emt 0:00:33]} 32. Bc5 {[%emt 0:00:31]} Kc7 {[%emt 0:00:07]} 33. Rd2 {[%emt 0:01:06]} Bc4 {[%emt 0:00:38]} 34. g5 {[%emt 0:00:18]} hxg5 {[%emt 0:02:39]} 35. hxg5 {[%emt 0:00:28]} Re8 {[%emt 0:00:59]} 36. Bxa7 {[%emt 0:02:21]} Rh8 {[%emt 0:00:32]} 37. Bb6+ {[%emt 0:01:09]} Kc8 {[%emt 0:00:14]} 38. Rd6 {[%emt 0:00:12]} fxg5 {[%emt 0:00:44]} 39. Rxc6+ {[%emt 0:00:16]} Kb8 {[%emt 0:00:37]} 40. Rxc4 {[%emt 0:00:00]} 1-0